Years & Years Discography - Statistics

General Stats
  • This quiz has been taken 22 times
  • The average score is 18 of 32
Answer Stats
Hint Answer % Correct
Communion King
100%
Communion Desire
86%
Palo Santo All For You
71%
Communion Gold
71%
Palo Santo Palo Santo
71%
Palo Santo Sanctify
71%
Communion Shine
71%
Palo Santo Don't Panic
64%
Communion Eyes Shut
64%
Palo Santo If You're Over Me
64%
Communion Real
64%
Palo Santo Howl
57%
Palo Santo Rendezvous
57%
Communion Take Shelter
57%
Communion Ties
57%
Palo Santo Valentino
57%
Communion Worship
57%
Communion 1977
50%
Palo Santo Hallelujah
50%
Palo Santo Hypnotised
50%
Palo Santo Karma
50%
Palo Santo Lucky Escape
50%
Palo Santo Preacher
50%
Palo Santo Up In Flames
50%
Communion Without
50%
Communion Border
43%
Communion Foundation
43%
Palo Santo Here
43%
Communion I Want To Love
43%
Communion Memo
43%
Palo Santo Play
43%
Communion Ready For You
43%
No matching quizzes found
Score Distribution
Percent of People with Each Score
Percentile by Number Answered
Your Score History
You have not taken this quiz